[Event "HUN-chT U18"]
[Site "Budapest"]
[Date "2021.10.26"]
[Round "5.27"]
[White "Vilics, Hanna"]
[Black "Gergely, Daniel1111"]
[Result "0-1"]
[WhiteElo "1628"]
[BlackElo "1958"]
[PlyCount "74"]
[EventDate "2021.10.24"]
[EventType "team-tourn"]
[EventRounds "7"]
[EventCountry "HUN"]
[SourceTitle "CBM 205 Extra"]
[Source "ChessBase"]
[SourceDate "2022.01.31"]
[SourceVersion "1"]
[SourceVersionDate "2022.01.31"]
[SourceQuality "1"]

1. d4 d5 2. Nf3 Nf6 3. g3 c6 4. Bg2 Bf5 5. 0-0 e6 6. c4 Nbd7 7. Nc3 h6 8. Re1 Bd6 9. b3 0-0 10. Nh4 Bh7 11. e4 Bb4 12. Bb2 Nxe4 13. Bxe4 Bxe4 14. Re3 Bh7 15. Ne2 Nf6 16. f3 Qd7 17. c5 Ba5 18. Bc3 Bxc3 19. Nxc3 g5 20. Ng2 b6 21. b4 bxc5 22. dxc5 d4 23. Ne4 Bxe4 24. Rxe4 Nxe4 25. fxe4 e5 26. Ne3 Qe6 27. Nf5 a5 28. Qh5 Kh7 29. Rf1 axb4 30. h4 Qg6 31. Qf3 Ra3 32. Qh1 Rxa2 33. Nd6 b3 34. Nc4 Qg7 35. g4 Rc2 36. Nd6 gxh4 37. Qxh4 b2 0-1

[Event "EU-ch Hybrid U14 Girls"]
[Site "Tornelo INT"]
[Date "2021.10.15"]
[Round "2"]
[White "Vilics, Hanna"]
[Black "Darmaeva, Nomina"]
[Result "0-1"]
[WhiteElo "1628"]
[BlackElo "1767"]
[PlyCount "104"]
[EventDate "2021.10.15"]
[EventType "swiss"]
[EventRounds "9"]
[EventCountry "NET"]
[SourceTitle "EXT 2023"]
[Source "ChessBase"]
[SourceDate "2022.10.05"]
[SourceVersion "1"]
[SourceVersionDate "2022.10.05"]
[SourceQuality "1"]
[WhiteTeam "Hungary"]
[BlackTeam "Russia"]
[WhiteTeamCountry "HUN"]
[BlackTeamCountry "RUS"]

1. d4 d5 2. Nf3 e6 3. g3 Nf6 4. Bg2 Nbd7 5. 0-0 Bd6 6. c4 c6 7. b3 0-0 8. Bb2 Qc7 9. Nc3 Re8 10. Rc1 a6 11. Nd2 Qd8 12. e4 dxe4 13. Ndxe4 Nxe4 14. Nxe4 Bf8 15. Re1 g6 16. Rc2 Qe7 17. d5 cxd5 18. cxd5 e5 19. Rc7 Qd8 20. d6 Re6 21. Ba3 f5 22. Nc3 Nf6 23. Bd5 Nxd5 24. Qxd5 Bxd6 25. Bxd6 Qxd6 26. Qxd6 Rxd6 27. Rxe5 Be6 28. Kg2 b5 29. b4 Re8 30. h4 h6 31. Kh2 Bf7 32. Rxe8+ Bxe8 33. Rc5 Bc6 34. h5 Kf7 35. hxg6+ Kxg6 36. Ne2 Bf3 37. Nf4+ Kf6 38. Rc3 Be4 39. a3 Rd2 40. Nh3 Ke5 41. Nf4 Rxf2+ 42. Kh3 Rf1 43. Rc5+ Kd6 44. Kh4 Rh1+ 45. Nh3 Bg2 46. Kh5 Rxh3+ 47. Kg6 Rxg3+ 48. Kxh6 f4 49. Rf5 f3 50. Kh5 Ke6 51. Rf8 Rg7 52. Kh6 Rf7 0-1

[Event "HUN-ch U14"]
[Site "Eger"]
[Date "2021.08.26"]
[Round "6"]
[White "Kovacs, Reka"]
[Black "Vilics, Hanna"]
[Result "0-1"]
[WhiteElo "1478"]
[BlackElo "1467"]
[PlyCount "102"]
[EventDate "2021.08.20"]
[EventType "swiss"]
[EventRounds "7"]
[EventCountry "HUN"]
[SourceTitle "EXT 2022"]
[Source "ChessBase"]
[SourceDate "2021.10.06"]
[SourceVersion "1"]
[SourceVersionDate "2021.10.06"]
[SourceQuality "1"]

1. e4 c6 2. d4 d5 3. Nc3 dxe4 4. Nxe4 Bf5 5. Ng3 Bg6 6. h4 h6 7. Nf3 Nf6 8. Ne5 Bh7 9. Bc4 e6 10. 0-0 Nbd7 11. Qe2 Nd5 12. Bxd5 cxd5 13. Qb5 Qc7 14. Bf4 Bd6 15. Nh5 Rg8 16. Rac1 a6 17. Qe2 Bxe5 18. dxe5 g6 19. Qd3 0-0-0 20. c4 gxh5 21. Qxh7 dxc4 22. Qxf7 Rgf8 23. Qxe6 Rxf4 24. g3 Rd4 25. f4 Qc5 26. Rf2 Kb8 27. Rcf1 Nf8 28. Qxh6 Rd3 29. Kh2 Rd2 30. Kg2 Qd5+ 31. Kh2 Qd4 32. Kg1 Qe3 33. Qg5 Ne6 34. Qg6 Nc5 35. Kg2 Ne4 36. Rxd2 Rxd2+ 37. Kh3 Nf2+ 38. Rxf2 Qxf2 39. Qxh5 Rxb2 40. e6 Qg2+ 41. Kg4 Qe2+ 42. Kg5 Qxh5+ 43. Kxh5 Re2 44. f5 c3 45. f6 Rxe6 46. Kg6 c2 47. Kf5 Re8 48. f7 Rc8 49. Kf6 c1Q 50. Kg7 Qc3+ 51. Kg6 Qxg3+ 0-1

[Event "HUN--chT U12"]
[Site "Budapest"]
[Date "2019.10.28"]
[Round "5.2"]
[White "Vilics, Hanna"]
[Black "Bodrogi, Bendeguz"]
[Result "0-1"]
[WhiteElo "1253"]
[BlackElo "1903"]
[PlyCount "82"]
[EventDate "2019.10.26"]
[EventType "team-swiss"]
[EventRounds "7"]
[EventCountry "HUN"]
[SourceTitle "CBM 192 Extra"]
[Source "Chessbase"]
[SourceDate "2019.11.06"]
[SourceVersion "1"]
[SourceVersionDate "2019.11.06"]
[SourceQuality "1"]
[WhiteTeam "Szombathelyi"]
[BlackTeam "Baptista Sakkiskola"]
[WhiteTeamCountry "HUN"]
[BlackTeamCountry "HUN"]

1. d4 Nf6 2. Nf3 c5 3. g3 cxd4 4. Nxd4 Nc6 5. Nb3 g6 6. Bg2 Bg7 7. 0-0 0-0 8. Nc3 d6 9. e4 Bd7 10. Be3 Ne5 11. Bd4 Nc6 12. f4 Nxd4 13. Nxd4 Ng4 14. Qd3 Qb6 15. Rfd1 e5 16. Nd5 Qxd4+ 17. Qxd4 exd4 18. h3 Ne3 19. Nxe3 dxe3 20. Rxd6 Bc6 21. e5 Bxg2 22. Kxg2 Rfd8 23. Rad1 Rxd6 24. Rxd6 Rc8 25. c3 Bf8 26. Rd7 Bc5 27. Kf3 Bb6 28. g4 Rd8 29. Rxd8+ Bxd8 30. Kxe3 Kf8 31. Ke4 Bh4 32. f5 Ke7 33. Kd5 Bg5 34. c4 a5 35. b3 Bd2 36. Kc5 Bc3 37. Kd5 Bb4 38. c5 Kd7 39. h4 gxf5 40. g5 Be1 41. h5 Bd2 0-1

[Event "HUN-chT U18 2nd"]
[Site "Zalakaros"]
[Date "2018.07.26"]
[Round "1.30"]
[White "Gulacsi, Donat Ferenc"]
[Black "Vilics, Hanna"]
[Result "1/2-1/2"]
[WhiteElo "1610"]
[BlackElo "1205"]
[PlyCount "45"]
[EventDate "2018.07.26"]
[EventType "team-swiss"]
[EventRounds "7"]
[EventCountry "HUN"]
[SourceTitle "EXT 2019"]
[Source "ChessBase"]
[SourceDate "2018.10.10"]
[SourceVersion "1"]
[SourceVersionDate "2018.10.10"]
[SourceQuality "1"]

1. e4 c5 2. Nf3 d6 3. c4 Nf6 4. Nc3 g6 5. d4 cxd4 6. Nxd4 Bg7 7. Be3 0-0 8. Be2 Nc6 9. 0-0 Nxd4 10. Bxd4 Be6 11. Rc1 a6 12. b3 Rc8 13. Qd3 Bg4 14. Bxg4 Nxg4 15. Bxg7 Kxg7 16. Qd4+ Nf6 17. Nd5 e5 18. Qd3 Nxd5 19. Qxd5 Qb6 20. Rfd1 Rfd8 21. h3 Qc6 22. c5 Qxd5 23. Rxd5 1/2-1/2

[Event "Balassi Amateur op 2nd"]
[Site "Janossomorja"]
[Date "2017.08.26"]
[Round "5"]
[White "Vilics, Hanna"]
[Black "Bodor, Andras"]
[Result "1/2-1/2"]
[WhiteElo "1113"]
[BlackElo "1499"]
[PlyCount "77"]
[EventDate "2017.08.26"]
[EventType "swiss"]
[EventRounds "7"]
[EventCountry "HUN"]
[SourceTitle "EXT 2019"]
[Source "ChessBase"]
[SourceDate "2018.10.10"]
[SourceVersion "1"]
[SourceVersionDate "2018.10.10"]
[SourceQuality "1"]

1. e4 e5 2. Nf3 Nc6 3. Bc4 Bc5 4. c3 Nf6 5. d4 exd4 6. cxd4 Bb4+ 7. Nc3 d6 8. e5 dxe5 9. dxe5 Qxd1+ 10. Kxd1 Bxc3 11. bxc3 Ne4 12. Rf1 Nxc3+ 13. Kd2 Ne4+ 14. Ke2 Bg4 15. Bb2 Bxf3+ 16. gxf3 Nc5 17. Rfd1 0-0 18. Ba3 b6 19. Bd5 Nxe5 20. Bxa8 Rxa8 21. Bxc5 bxc5 22. Rac1 Re8 23. Kf1 Nxf3 24. Kg2 Nh4+ 25. Kh1 g6 26. Rxc5 Re2 27. Rxc7 a5 28. Rf1 Rxa2 29. Rcc1 Nf5 30. Ra1 Re2 31. Rxa5 Kg7 32. Ra3 Kg8 33. Raa1 Kg7 34. Rae1 Rd2 35. Rd1 Re2 36. Rde1 Rd2 37. Rd1 Re2 38. Rde1 Rd2 39. Rd1 1/2-1/2